000 00530 a2200193 4500
005 20260401115613.0
008 260319b |||||||| |||| 00| 0 eng d
020 _a9788119391301
_cRs. 1800.00
040 _aMAIN
082 _a923.254
_bH216G
100 _aHardeep Singh
245 _aGandhi, Patel and Ambedkar: Three pilars of modern India
260 _bAsia Publication
_c2023
_aNew Delhi
300 _aix, 280
650 _aHistory
650 _aIndian Politcal Leaders
650 _aPolitical-Biography
942 _cBK
999 _c395749
_d395749